000 00333nam a2200133Ia 4500
008 220204s9999 xx 000 0 und d
082 _a681.31INT
_bCAD
100 _aCady, Glee Harrah
245 0 _aMastering the internet
250 _aEd.2
260 _aNew Delhi
_bBPB Publications
_c1996
700 _aMcGregor, Pat
942 _cBK
999 _c41220
_d41220